000 00617nam a2200205Ia 4500
008 140429s9999 xx 000 0 und d
020 _a9789712356858
050 _aHV 7936.P8
_b.M112 2010
100 _aMoboloc, Christopher Ryan B.
245 _aEthics and human dignity /
_cChristopher Ryan B. Maboloc.
260 _aManila :
_bRex Book Store,
_cc2010.
300 _a135 p. :
_c22 cm.
500 _aIncludes bibliographical references and index.
521 _aBSBA
650 _aHuman rights.
650 _aPolice ethics.
650 _aPolice
_xcommunity relations.
942 _kLOC
_cBK
999 _c115733
_d115733